000 00474nam a22001697a 4500
005 20251108170022.0
008 250721s1986 xx 000 0 ara d
082 1 4 _aق/إلي
100 1 _aفركوح، إلياس
245 1 0 _aمن يحدث البحر :
_bقصص /
264 1 _aعمان :
_bدار منارات للنشر،
_c1986.
300 _a134ص
650 1 7 _aالأدب العربي
650 1 7 _aالأدب القصصي
942 _2ddc
_cBK
999 _c37549
_d37549